000
00283nam a22001337a 4500
008
171204b xxu||||| |||| 00| 0 eng d
020
_a
9780471575184
041
_a
eng
080
_a
004
100
_a
29
101
_a
SHKI
245
_a
NANOSYSTEMS
_c
DREXLER,K,E
942
_2
udc
_c
BK
999
_c
38780
_d
38780